000 01143nam a2200301 a 4500
003 CBULib
005 20250603075551.0
008 150602s1997 ||||||||||||||||| || u
020 _a0195211170
040 _aCBULib
_bEnglish
_cCBULib
_erda
041 _aeng
050 _aIBRD(06)PRR/1997/2
110 _aThe World Bank(IBRD)
_94491
245 1 0 _aConfronting AIDS : public priorities in a global epidemic.
_c/ by The World Bank(IBRD)
260 _aOxford :
_bOxford University Press,
_c1997.
300 _axxv, 353 pages : illustrations
336 _2rdacontent
_aText |
_btxt
337 _2rdamedia
_aUnmediated |
_bn
338 _2rdacarrier
_aVolume
_bnc
490 _aWorld Bank policy research report
500 _aIncludes bibliographical references (p. 329-353).
650 _aAIDS (DISEASE)--INTERNATIONAL COOPERATION
650 _aAIDS (DISEASE)--PREVENTION--GOVERNMENT POLICY
856 _uhttp://www.loc.gov/catdir/enhancements/fy0637/97017434-t.html
856 _uhttp://www.loc.gov/catdir/enhancements/fy0637/97017434-d.html
942 _2mc
_c029
999 _c38430
_d38430